000 00871nam a2200253 i 4500
003 DO-SdBNP
005 20240520083100.0
007 ta
008 220802e19911990dr a|||dr|||| 001 0 spa d
040 _aDO-SdBNP
_bspa
_cBNPHU
_erda
082 4 _222
_bR173n 1991
100 1 _aRamírez Espinal, Hilda,
_eautor
_985502
245 1 0 _aNueva matemática 8:
_b8vo. curso primaria. /
_cHilda Ramírez de Espinal; editor, Nelgia Altagracia Acosta.
264 _aSanto Domingo :
_bSusaeta,
_c1991
300 _a283 páginas :
_bilustraciones, ;
_c25 cm.
336 _2rdacontent
_atexto
_btxt
337 _2rdamedia
_asin mediación
_bn
338 _2rdacarrier
_avolumen
_bnc
590 _aInventariado 2024 / MF
650 4 _981233
_aMatemáticas
_xLibros textos
650 _aEducación primaria
_91420
700 1 _937803
_aAcosta, Nelgia Altagracia,
_eeditora
942 _2ddc
_cLBS1
999 _c52257
_d52257